000
00319nam a22001337a 4500
020
_a
81-239-1402-4
082
_a
610.28
100
_a
Scott, K. N.
245
_a
TEXTBOOK OF BIOMEDICAL INSTRUMENTATION
260
_a
New Delhi:
_b
CBS Publishers;
_c
2007.
300
_a
518p. ;
_b
24 cm.
500
_a
Paperback.
942
_c
BK
999
_c
32593
_d
32593